000 00896nam a2200277Ia 4500
003 OSt
005 20221006142312.0
006 a|||||r|||| 00| 0
007 ta
008 221006b |||||||| |||| 00| 0 eng d
020 _a0860084906
_cY2884(each)
024 _a6,011
037 _bGift, Japan Foundation
_cTextual
040 _aEASL
_cEASL
_beng
041 _2eng
_aeng
082 _aV42.M68, N1-;1
100 _aNAKANE Chie Ed.
_9647332
245 0 _aTokugawa Japan
_b The social and economic antecedents of modern Japan
260 _aTokyo
_bUniversity of Tokyo Press Japan
_c1991
300 _a240p.
_ccm.
490 _v Pho
700 _a OISHI Shinzaburo Ed.
_9647333
700 _a TOTMAN Conrad Tr.
_9647334
942 _hV42.M68, N1-;1
_cTEXL
_2CC
999 _c1074097
_d1074097